[Event "Campeonato del Mundo sub-18 Femenino"]
[Site "Kemer TUR"]
[Date "2009.11.21"]
[Round "10.18"]
[White "Haug, Marianne Wold"]
[Black "Deur, Zrinka"]
[Result "1-0"]
[WhiteElo "2005"]
[BlackElo "2089"]
[PlyCount "43"]
[EventDate "2009.11.11"]
[EventType "swiss"]
[EventRounds "11"]
[EventCountry "TUR"]
[Source "lmi"]
[SourceDate "2009.11.11"]

1. e4 c5 2. Nf3 d6 3. d4 cxd4 4. Nxd4 Nf6 5. Nc3 a6 6. Be2 e5 7. Nb3 Be6 8. f4
Qc7 9. f5 Bc4 10. Bxc4 Qxc4 11. Be3 Be7 12. Qd3 Qc7 13. O-O-O Nbd7 14. Qe2
O-O-O 15. g4 h6 16. h4 Nc5 17. Nxc5 dxc5 18. g5 hxg5 19. hxg5 Rxh1 20. Rxh1 Ng8
21. Nd5 Qc6 22. Rh8 1-0

[Event "Campeonato del Mundo sub-18 Femenino"]
[Site "Kemer TUR"]
[Date "2009.11.21"]
[Round "10.19"]
[White "Ni, Viktorija"]
[Black "Jafari, Golnaz"]
[Result "1-0"]
[WhiteElo "2181"]
[BlackElo "1999"]
[PlyCount "57"]
[EventDate "2009.11.11"]
[EventType "swiss"]
[EventRounds "11"]
[EventCountry "TUR"]
[Source "lmi"]
[SourceDate "2009.11.11"]

1. d4 Nf6 2. c4 g6 3. Nc3 Bg7 4. e4 d6 5. Nf3 O-O 6. Be2 e5 7. dxe5 dxe5 8.
Qxd8 Rxd8 9. Bg5 Re8 10. O-O-O Na6 11. Nd2 c6 12. Nb3 Ng4 13. Bh4 Bf8 14. h3
Nh6 15. g4 Kh8 16. g5 Ng8 17. Bg3 f5 18. exf5 gxf5 19. Bh5 Re7 20. Rd8 Bg7 21.
g6 Bf6 22. Rg1 Nc7 23. gxh7 Kxh7 24. Bxe5 Rxe5 25. Rdxg8 Be6 26. Rxa8 Nxa8 27.
Nd4 Kh6 28. Nxe6 Rxe6 29. Bf7 1-0

[Event "Campeonato del Mundo sub-18 Femenino"]
[Site "Kemer TUR"]
[Date "2009.11.21"]
[Round "10.20"]
[White "Hamza, Amira"]
[Black "Iordanidou, Zoi"]
[Result "1-0"]
[WhiteElo "1883"]
[BlackElo "2060"]
[PlyCount "75"]
[EventDate "2009.11.11"]
[EventType "swiss"]
[EventRounds "11"]
[EventCountry "TUR"]
[Source "lmi"]
[SourceDate "2009.11.11"]

1. d4 Nf6 2. Nf3 e6 3. Bg5 d5 4. e3 Be7 5. Bd3 h6 6. Bh4 O-O 7. O-O c5 8. dxc5
Bxc5 9. c4 Nc6 10. a3 Be7 11. Nc3 dxc4 12. Bxc4 Nd5 13. Bxe7 Ncxe7 14. Bxd5
exd5 15. Qb3 b6 16. Rfd1 Be6 17. Nd4 Qd7 18. Rd2 Rfd8 19. Rad1 Rac8 20. e4 Rc5
21. Nxe6 fxe6 22. exd5 exd5 23. h3 Qf5 24. Nb5 a6 25. Nd4 Qf6 26. Qd3 b5 27.
Re2 Rd6 28. Rde1 Rc7 29. Re3 Qf7 30. Rf3 Rf6 31. Rxf6 Qxf6 32. Qg3 Rc8 33. Qg4
Kh7 34. Re6 Qf7 35. g3 Rc4 36. Rxa6 h5 37. Qd1 g6 38. Nxb5 1-0

[Event "Campeonato del Mundo sub-18 Femenino"]
[Site "Kemer TUR"]
[Date "2009.11.21"]
[Round "10.21"]
[White "Bakhtiyarly, Aysel Anvar Qizi"]
[Black "De Oliveira, Ana Paula"]
[Result "1-0"]
[WhiteElo "2042"]
[BlackElo "1786"]
[PlyCount "67"]
[EventDate "2009.11.11"]
[EventType "swiss"]
[EventRounds "11"]
[EventCountry "TUR"]
[Source "lmi"]
[SourceDate "2009.11.11"]

1. e4 c5 2. Nf3 d6 3. c4 Nc6 4. d4 cxd4 5. Nxd4 Bd7 6. Be2 g6 7. Be3 Bg7 8. Nc3
Nf6 9. h3 Qa5 10. O-O O-O 11. a3 Rfc8 12. Rc1 Nxd4 13. Bxd4 Be6 14. Nd5 Bxd5
15. exd5 Nd7 16. Bxg7 Kxg7 17. Qd4+ Kg8 18. Kh2 Qb6 19. Qd2 Nc5 20. Rce1 Nb3
21. Qc3 Nc5 22. Bg4 Rc7 23. b4 Na6 24. Re3 Re8 25. h4 Nb8 26. h5 Nd7 27. hxg6
hxg6 28. Bxd7 Rxd7 29. Rh3 f6 30. Rh6 Kg7 31. Qh3 f5 32. Rh7+ Kf6 33. Qh4+ g5
34. Qh6+ 1-0

[Event "Campeonato del Mundo sub-18 Femenino"]
[Site "Kemer TUR"]
[Date "2009.11.21"]
[Round "10.22"]
[White "Dimitrova, Aseniya"]
[Black "Alpysbayeva, Aigerim"]
[Result "0-1"]
[WhiteElo "1744"]
[BlackElo "1972"]
[PlyCount "76"]
[EventDate "2009.11.11"]
[EventType "swiss"]
[EventRounds "11"]
[EventCountry "TUR"]
[Source "lmi"]
[SourceDate "2009.11.11"]

1. e4 c5 2. Nf3 e6 3. d4 cxd4 4. Nxd4 Nf6 5. Bd3 Nc6 6. Nxc6 bxc6 7. c4 d5 8.
cxd5 cxd5 9. exd5 Qxd5 10. O-O Bb7 11. f3 Bc5+ 12. Kh1 O-O 13. Nc3 Qh5 14. Ne4
Bxe4 15. Bxe4 Rad8 16. Qe1 Rd4 17. Be3 Bd6 18. Bg1 Nxe4 19. fxe4 Qe5 20. Qc3
Rxe4 21. Qxe5 Bxe5 22. Bxa7 Bxb2 23. Rab1 Bf6 24. a3 h6 25. Rfc1 Be5 26. g3 Rd8
27. Rc2 Rd3 28. Rc8+ Kh7 29. Rf1 f5 30. Rc6 Rxa3 31. Bg1 Bf6 32. Rd1 Rc3 33.
Ra6 Rc2 34. Rdd6 Rce2 35. Ra7 Re1 36. Kg2 Rxg1+ 37. Kxg1 Bd4+ 38. Rxd4 Rxd4 0-1

[Event "Campeonato del Mundo sub-18 Femenino"]
[Site "Kemer TUR"]
[Date "2009.11.21"]
[Round "10.23"]
[White "Ursente, Maria-Eugenia"]
[Black "Finnbogadottir, Tinna"]
[Result "1-0"]
[WhiteElo "1968"]
[BlackElo "1710"]
[PlyCount "97"]
[EventDate "2009.11.11"]
[EventType "swiss"]
[EventRounds "11"]
[EventCountry "TUR"]
[Source "lmi"]
[SourceDate "2009.11.11"]

1. c4 c5 2. g3 g6 3. Bg2 Bg7 4. Nc3 Nc6 5. a3 a5 6. e3 e5 7. Nge2 Nge7 8. O-O
O-O 9. d3 d6 10. Rb1 Be6 11. Nd5 Rb8 12. Nec3 Qd7 13. b4 axb4 14. axb4 b5 15.
Nxe7+ Nxe7 16. cxb5 c4 17. d4 exd4 18. exd4 d5 19. Be3 Nc8 20. Qf3 Rd8 21. Bg5
Rf8 22. Bf4 Rb6 23. Nxd5 Rxb5 24. Nc7 Bf5 25. Nxb5 Bxb1 26. Rxb1 Qxb5 27. d5 c3
28. Bf1 c2 29. Rc1 Qxb4 30. Rxc2 Nb6 31. Rc7 f6 32. Qe3 Kh8 33. Rb7 g5 34. Bc7
Nxd5 35. Rxb4 Nxe3 36. fxe3 h5 37. Be2 g4 38. Rb5 f5 39. Bd3 Rc8 40. Rb8 Rxb8
41. Bxb8 Bf6 42. Bxf5 Kg7 43. e4 Bd4+ 44. Kg2 Kf6 45. h3 Kg5 46. Bf4+ Kf6 47.
hxg4 hxg4 48. Bxg4 Bc5 49. Kf3 1-0

[Event "Campeonato del Mundo sub-18 Femenino"]
[Site "Kemer TUR"]
[Date "2009.11.21"]
[Round "10.24"]
[White "Ibragimova, Iroda"]
[Black "Ursu, Ana-Maria"]
[Result "1-0"]
[WhiteElo "1917"]
[BlackElo "1876"]
[PlyCount "92"]
[EventDate "2009.11.11"]
[EventType "swiss"]
[EventRounds "11"]
[EventCountry "TUR"]
[Source "lmi"]
[SourceDate "2009.11.11"]

1. e4 e6 2. d3 d5 3. Nd2 c5 4. Ngf3 Nc6 5. g3 g6 6. Bg2 Bg7 7. O-O Nge7 8. Re1
b6 9. c3 Bb7 10. e5 Qc7 11. d4 cxd4 12. cxd4 O-O 13. Nf1 Ba6 14. a3 Na5 15. Bf4
Qd7 16. h4 Nc4 17. Qb1 Qb5 18. b3 Na5 19. b4 Nc4 20. N1h2 Qa4 21. Ng4 Kh8 22.
Bg5 Ng8 23. Qc1 Rac8 24. Qf4 Qc2 25. Ne3 Nxe3 26. Qxe3 Rc3 27. Rec1 Rxe3 28.
Rxc2 Rd3 29. Bf1 Rxf3 30. Bxa6 Rb3 31. Rc7 f6 32. Bf4 fxe5 33. Bxe5 Rbf3 34.
Ra2 R3f7 35. Rac2 Bxe5 36. dxe5 Kg7 37. Bc8 Re8 38. R2c6 Ne7 39. Bxe6 Nxc6 40.
Rxf7+ Kg8 41. Rf6+ Kg7 42. f4 Rd8 43. Rf7+ Kh8 44. Rd7 Rxd7 45. Bxd7 Nd4 46. e6
Kg7 1-0

[Event "Campeonato del Mundo sub-18 Femenino"]
[Site "Kemer TUR"]
[Date "2009.11.21"]
[Round "10.25"]
[White "Walallawita, Lihini Ashwini"]
[Black "Hadziselimovic, Maja"]
[Result "0-1"]
[WhiteElo "1797"]
[BlackElo "1681"]
[PlyCount "43"]
[EventDate "2009.11.11"]
[EventType "swiss"]
[EventRounds "11"]
[EventCountry "TUR"]
[Source "lmi"]
[SourceDate "2009.11.11"]

1. e4 e5 2. Nf3 d6 3. d4 Nf6 4. Nc3 Nbd7 5. Bc4 Be7 6. O-O O-O 7. Re1 c6 8. a4
Qc7 9. h3 h6 10. Be3 Rd8 11. Qe2 Nf8 12. d5 Ng6 13. Bb3 a6 14. a5 c5 15. Bc4
Nh5 16. Qd2 Bd7 17. Bb3 Qc8 18. Na4 Bxh3 19. Nh2 Bxg2 20. Kxg2 Nhf4+ 21. Kh1
Qh3 22. f3 0-1

[Event "Campeonato del Mundo sub-18 Femenino"]
[Site "Kemer TUR"]
[Date "2009.11.21"]
[Round "10.26"]
[White "Oliver, Tamzin"]
[Black "Elansary, Eman"]
[Result "0-1"]
[WhiteElo "1777"]
[BlackElo "1926"]
[PlyCount "104"]
[EventDate "2009.11.11"]
[EventType "swiss"]
[EventRounds "11"]
[EventCountry "TUR"]
[Source "lmi"]
[SourceDate "2009.11.11"]

1. e4 e5 2. Nf3 Nc6 3. d4 exd4 4. Nxd4 Bc5 5. Be3 Qf6 6. c3 Nge7 7. Bc4 O-O 8.
O-O Bb6 9. f4 d6 10. Kh1 Ng6 11. Qd2 h6 12. Bb3 Na5 13. Na3 Nxb3 14. axb3 a6
15. Nac2 Re8 16. Qd3 Qe7 17. Qd2 Qxe4 18. Rfe1 Bf5 19. Bg1 Qd3 20. Qc1 Rxe1 21.
Qxe1 Nxf4 22. Nb4 Be4 23. Qf2 Nxg2 24. Nxd3 Nh4+ 25. Nf3 Bxf2 26. Bxf2 Nxf3 27.
Nc1 Re8 28. Ra4 Bc6 29. Ra1 Nd4+ 30. Kg1 Ne2+ 31. Kf1 Bf3 32. b4 Bg4 33. Nxe2
Rxe2 34. Rb1 Bf5 35. Kxe2 Bxb1 36. Ba7 d5 37. Ke3 Ba2 38. Bb8 c6 39. Kf4 f6 40.
Bd6 Kf7 41. Kg4 g6 42. Bc5 Ke6 43. Bd4 h5+ 44. Kh4 Kf5 45. Kg3 g5 46. Kf3 h4
47. h3 Bc4 48. Kf2 Kg6 49. Bb6 f5 50. Bd8 Kh5 51. Bb6 g4 52. Kg2 g3 0-1

[Event "Campeonato del Mundo sub-18 Femenino"]
[Site "Kemer TUR"]
[Date "2009.11.22"]
[Round "11.1"]
[White "Savina, Anastasia"]
[Black "Tsatsalashvili, Keti"]
[Result "0-1"]
[WhiteElo "2401"]
[BlackElo "2288"]
[PlyCount "94"]
[EventDate "2009.11.11"]
[EventType "swiss"]
[EventRounds "11"]
[EventCountry "TUR"]
[Source "lmi"]
[SourceDate "2009.11.11"]

1. d4 Nf6 2. c4 e6 3. Nc3 Bb4 4. Qc2 O-O 5. a3 Bxc3+ 6. Qxc3 b6 7. Nf3 Bb7 8.
e3 d5 9. cxd5 Bxd5 10. b4 Nbd7 11. Bb2 c5 12. dxc5 bxc5 13. b5 c4 14. Nd2 Nc5
15. Nxc4 Rc8 16. Rd1 Nce4 17. Qd4 Bxc4 18. Qxd8 Rfxd8 19. Rxd8+ Rxd8 20. Bxc4
Ng4 21. O-O Nd2 22. Be2 Nxf1 23. Bxg4 Nd2 24. Bd4 Rd7 25. g3 Rc7 26. Be2 Nb1
27. a4 Nc3 28. Bxc3 Rxc3 29. a5 Ra3 30. b6 Rxa5 31. bxa7 Rxa7 32. h4 Ra2 33.
Bd3 Kf8 34. Kg2 h6 35. h5 Ke7 36. g4 Kd6 37. Kg3 Kc5 38. Bh7 Kc4 39. f4 Kc3 40.
e4 Kd4 41. g5 e5 42. gxh6 gxh6 43. Bg8 exf4+ 44. Kxf4 Rf2+ 45. Kg3 Rf1 46. Bh7
Ke5 47. Kg2 Rf4 0-1

[Event "Campeonato del Mundo sub-18 Femenino"]
[Site "Kemer TUR"]
[Date "2009.11.22"]
[Round "11.2"]
[White "Ozturk, Kubra"]
[Black "Nakhbayeva, Guliskhan"]
[Result "1-0"]
[WhiteElo "2177"]
[BlackElo "2201"]
[PlyCount "95"]
[EventDate "2009.11.11"]
[EventType "swiss"]
[EventRounds "11"]
[EventCountry "TUR"]
[Source "lmi"]
[SourceDate "2009.11.11"]

1. d4 Nf6 2. c4 c5 3. Nf3 cxd4 4. Nxd4 a6 5. Nc3 Qc7 6. e4 e6 7. a3 b6 8. Be3
Bb7 9. f3 Be7 10. Be2 d6 11. O-O O-O 12. Qe1 Nbd7 13. b4 Rac8 14. Rc1 Rfe8 15.
Qf2 Qb8 16. Rfd1 Bd8 17. g4 Ne5 18. Na4 g5 19. h4 h6 20. hxg5 hxg5 21. Nb3 d5
22. exd5 exd5 23. c5 Nc4 24. Bxc4 dxc4 25. Nd4 Qe5 26. Nf5 b5 27. Nb6 Rc6 28.
Re1 Rce6 29. Nd6 R8e7 30. Bd2 Qb2 31. Rxe6 fxe6 32. Re1 Bxf3 33. Bxg5 Qxa3 34.
Qe3 Qxe3+ 35. Rxe3 Rg7 36. Bxf6 Bxf6 37. Rxf3 Bd4+ 38. Kf1 c3 39. Ke2 Rxg4 40.
Kd3 a5 41. Nxb5 axb4 42. Nxd4 e5 43. Nf5 e4+ 44. Ke3 exf3 45. Nh6+ Kf8 46. Nxg4
Ke8 47. Kd3 Kd8 48. Ke4 1-0

[Event "Campeonato del Mundo sub-18 Femenino"]
[Site "Kemer TUR"]
[Date "2009.11.22"]
[Round "11.3"]
[White "Warakomska, Anna"]
[Black "Girya, Olga"]
[Result "0-1"]
[WhiteElo "2189"]
[BlackElo "2340"]
[PlyCount "56"]
[EventDate "2009.11.11"]
[EventType "swiss"]
[EventRounds "11"]
[EventCountry "TUR"]
[Source "lmi"]
[SourceDate "2009.11.11"]

1. e4 c6 2. d4 d5 3. Nd2 dxe4 4. Nxe4 Bf5 5. Ng3 Bg6 6. Bc4 e6 7. N1e2 Nf6 8.
Nf4 Bd6 9. Nxg6 hxg6 10. c3 Qc7 11. Qf3 Nbd7 12. Bg5 O-O-O 13. O-O-O Nb6 14.
Bb3 Nbd5 15. Bxd5 cxd5 16. Bxf6 Bf4+ 17. Kb1 gxf6 18. Ne2 Bg5 19. g3 f5 20. h4
Be7 21. Nf4 Rd6 22. Nd3 Ra6 23. Qe2 Qa5 24. Nc1 Bd6 25. f4 Rh5 26. Rde1 Rc6 27.
Nd3 Ra6 28. Nc1 Kb8 0-1

[Event "Campeonato del Mundo sub-18 Femenino"]
[Site "Kemer TUR"]
[Date "2009.11.22"]
[Round "11.4"]
[White "Guramishvili, Sopiko"]
[Black "Vojinovic, Jovana"]
[Result "1-0"]
[WhiteElo "2327"]
[BlackElo "2319"]
[PlyCount "79"]
[EventDate "2009.11.11"]
[EventType "swiss"]
[EventRounds "11"]
[EventCountry "TUR"]
[Source "lmi"]
[SourceDate "2009.11.11"]

1. Nf3 Nf6 2. c4 g6 3. b4 Bg7 4. Bb2 c6 5. e3 d5 6. d4 Bg4 7. Nbd2 O-O 8. Be2
e6 9. O-O Qe7 10. a4 Rc8 11. Ba3 Nbd7 12. a5 Bxf3 13. Nxf3 Ne4 14. Bd3 b5 15.
axb6 axb6 16. Qb3 Bf8 17. Bxe4 dxe4 18. Nd2 Nf6 19. Qc2 Ra6 20. Bb2 Rxa1 21.
Rxa1 Qxb4 22. d5 Qe7 23. dxc6 Bg7 24. Bd4 Qc7 25. Ra6 e5 26. Bxb6 Qxc6 27. Qa2
Qd7 28. Ra7 Qe6 29. Ra6 Qd7 30. h3 h5 31. c5 Qf5 32. Ra7 Nh7 33. Nxe4 Rf8 34.
Nd6 Qf6 35. Qd5 Ng5 36. c6 e4 37. Bd4 Qe6 38. Qxe6 Nxe6 39. Bxg7 Kxg7 40. c7
1-0

[Event "Campeonato del Mundo sub-18 Femenino"]
[Site "Kemer TUR"]
[Date "2009.11.22"]
[Round "11.5"]
[White "Pon Namasivayam, Krithikha"]
[Black "Motycakova, Monika"]
[Result "1/2-1/2"]
[WhiteElo "2196"]
[BlackElo "2038"]
[PlyCount "73"]
[EventDate "2009.11.11"]
[EventType "swiss"]
[EventRounds "11"]
[EventCountry "TUR"]
[Source "lmi"]
[SourceDate "2009.11.11"]

1. e4 c5 2. Nf3 d6 3. Bb5+ Bd7 4. Bxd7+ Qxd7 5. c4 Nf6 6. Nc3 g6 7. d4 cxd4 8.
Nxd4 Bg7 9. f3 O-O 10. Be3 Nc6 11. O-O a6 12. a4 Qd8 13. Rb1 Rc8 14. b3 Nd7 15.
Qd2 Qa5 16. Rfd1 Rfd8 17. Nde2 e6 18. Bg5 Nf6 19. Qf4 Qe5 20. Qh4 Rd7 21. Kh1
Ne8 22. b4 Bf6 23. Bxf6 Qxf6 24. Qxf6 Nxf6 25. b5 Ne5 26. bxa6 bxa6 27. Rb6 a5
28. Rbxd6 Rxc4 29. Rxd7 Nexd7 30. Rd4 Rc5 31. Kg1 Kf8 32. Rd6 Ke7 33. Ra6 Ne5
34. Nb5 Nc6 35. Nbd4 Nxd4 36. Nxd4 Rc4 37. Nc6+ 1/2-1/2

[Event "Campeonato del Mundo sub-18 Femenino"]
[Site "Kemer TUR"]
[Date "2009.11.22"]
[Round "11.6"]
[White "Korchagina, Victoria"]
[Black "Agrest, Inna"]
[Result "1/2-1/2"]
[WhiteElo "2150"]
[BlackElo "2180"]
[PlyCount "89"]
[EventDate "2009.11.11"]
[EventType "swiss"]
[EventRounds "11"]
[EventCountry "TUR"]
[Source "lmi"]
[SourceDate "2009.11.11"]

1. e4 e5 2. Nf3 Nc6 3. Bb5 a6 4. Ba4 Nf6 5. O-O b5 6. Bb3 Bc5 7. a4 Rb8 8. c3
d6 9. d4 Bb6 10. axb5 axb5 11. h3 O-O 12. Be3 Bb7 13. Nbd2 Qe8 14. dxe5 dxe5
15. Bxb6 cxb6 16. Qe2 Na5 17. Bc2 Nh5 18. g3 Bc8 19. b4 Nb7 20. c4 Nf6 21. h4
Bg4 22. cxb5 Qc8 23. Rfc1 Qc3 24. Qe3 Qxe3 25. fxe3 Rfe8 26. Kf2 Nd6 27. Bd3
Bd7 28. Ra6 h6 29. Rc7 Bxb5 30. Bxb5 Nxb5 31. Rc6 Ng4+ 32. Ke2 Red8 33. Raxb6
Rxb6 34. Rxb6 Nc3+ 35. Ke1 Ra8 36. Nc4 Ra2 37. Nfxe5 Re2+ 38. Kf1 Nh2+ 39. Kg1
f6 40. Rb8+ Kh7 41. b5 fxe5 42. b6 Nf3+ 43. Kf1 Nh2+ 44. Kg1 Nf3+ 45. Kf1
1/2-1/2

[Event "Campeonato del Mundo sub-18 Femenino"]
[Site "Kemer TUR"]
[Date "2009.11.22"]
[Round "11.7"]
[White "Bhakti Pradip, Kulkarni"]
[Black "Dudas, Eszter"]
[Result "1/2-1/2"]
[WhiteElo "2263"]
[BlackElo "2147"]
[PlyCount "75"]
[EventDate "2009.11.11"]
[EventType "swiss"]
[EventRounds "11"]
[EventCountry "TUR"]
[Source "lmi"]
[SourceDate "2009.11.11"]

1. d4 Nf6 2. Nf3 d6 3. c4 Nbd7 4. Nc3 e5 5. g3 g6 6. Bg2 Bg7 7. O-O O-O 8. b3
Re8 9. Qc2 c6 10. Ba3 exd4 11. Nxd4 Qe7 12. Rad1 Nc5 13. e4 a5 14. Rfe1 Nfd7
15. f4 Na6 16. Na4 Nac5 17. e5 dxe5 18. Nxc5 Nxc5 19. fxe5 Bg4 20. Bf3 Bxf3 21.
Nxf3 Rad8 22. Rxd8 Rxd8 23. Qf2 b6 24. Rf1 Rd7 25. Qe3 Bf8 26. Nd4 Qe8 27. Nxc6
Rd3 28. Qf2 Qd7 29. e6 Qxe6 30. Ne5 Bh6 31. Bxc5 bxc5 32. Re1 Rd2 33. Qf3 Bg7
34. Qa8+ Bf8 35. Qxa5 Qd6 36. Qc3 Rxa2 37. Rf1 f5 38. Nf3 1/2-1/2

[Event "Campeonato del Mundo sub-18 Femenino"]
[Site "Kemer TUR"]
[Date "2009.11.22"]
[Round "11.8"]
[White "Semenova, Elena"]
[Black "Mammadova, Gulnar"]
[Result "1/2-1/2"]
[WhiteElo "2233"]
[BlackElo "2202"]
[PlyCount "22"]
[EventDate "2009.11.11"]
[EventType "swiss"]
[EventRounds "11"]
[EventCountry "TUR"]
[Source "lmi"]
[SourceDate "2009.11.11"]

1. e4 g6 2. d4 Bg7 3. f4 d6 4. Nf3 c5 5. dxc5 Qa5+ 6. Bd2 Qxc5 7. Nc3 Nf6 8.
Bd3 O-O 9. Qe2 Bg4 10. Be3 Qa5 11. O-O Nc6 1/2-1/2

[Event "Campeonato del Mundo sub-18 Femenino"]
[Site "Kemer TUR"]
[Date "2009.11.22"]
[Round "11.9"]
[White "Eric, Jovana"]
[Black "Marshall, Abby"]
[Result "1/2-1/2"]
[WhiteElo "2163"]
[BlackElo "2176"]
[PlyCount "35"]
[EventDate "2009.11.11"]
[EventType "swiss"]
[EventRounds "11"]
[EventCountry "TUR"]
[Source "lmi"]
[SourceDate "2009.11.11"]

1. e4 e5 2. Nf3 Nc6 3. Bc4 Nf6 4. d3 Bc5 5. c3 O-O 6. Bb3 h6 7. O-O d6 8. h3 a6
9. Nbd2 Ba7 10. Re1 Be6 11. Nf1 Re8 12. Bxe6 fxe6 13. d4 Qe7 14. Ng3 Qf7 15.
Be3 Rad8 16. Qb3 exd4 17. cxd4 Bb6 18. Qd3 1/2-1/2

[Event "Campeonato del Mundo sub-18 Femenino"]
[Site "Kemer TUR"]
[Date "2009.11.22"]
[Round "11.10"]
[White "Brunello, Marina"]
[Black "Guadamuro Torrente, Anabel"]
[Result "1-0"]
[WhiteElo "2158"]
[BlackElo "2116"]
[PlyCount "97"]
[EventDate "2009.11.11"]
[EventType "swiss"]
[EventRounds "11"]
[EventCountry "TUR"]
[Source "lmi"]
[SourceDate "2009.11.11"]

1. e4 e5 2. Nf3 Nc6 3. d4 exd4 4. Nxd4 g6 5. Nxc6 bxc6 6. Bc4 Bg7 7. O-O Ne7 8.
Nc3 Bb7 9. Bg5 h6 10. Bh4 g5 11. Bg3 d5 12. Bd3 O-O 13. f4 c5 14. f5 Bd4+ 15.
Bf2 dxe4 16. Nxe4 Bxf2+ 17. Rxf2 Qd4 18. c3 Qe5 19. Qg4 f6 20. h4 Bxe4 21. Bxe4
Rae8 22. Bc2 Qe3 23. Raf1 Kg7 24. Kh1 h5 25. Qc4 g4 26. Ba4 c6 27. Re2 Qg3 28.
Rfe1 Qxh4+ 29. Kg1 Qg5 30. Rxe7+ Rxe7 31. Rxe7+ Kh6 32. Qd3 Rb8 33. Bb3 Qc1+
34. Qf1 Qxf1+ 35. Kxf1 c4 36. Bxc4 Rxb2 37. Rxa7 Kg5 38. Re7 g3 39. Bb3 h4 40.
Re2 Rb1+ 41. Re1 Rb2 42. Be6 Kf4 43. Kg1 Kg5 44. a4 h3 45. gxh3 Kh4 46. Bd7 c5
47. Bc6 Kxh3 48. Ra1 g2 49. c4 1-0

[Event "Campeonato del Mundo sub-18 Femenino"]
[Site "Kemer TUR"]
[Date "2009.11.22"]
[Round "11.11"]
[White "Pavlidou, Ekaterini"]
[Black "Kulon, Klaudia"]
[Result "1-0"]
[WhiteElo "2128"]
[BlackElo "2233"]
[PlyCount "103"]
[EventDate "2009.11.11"]
[EventType "swiss"]
[EventRounds "11"]
[EventCountry "TUR"]
[Source "lmi"]
[SourceDate "2009.11.11"]

1. d4 d5 2. c4 e6 3. Nc3 c6 4. e3 Bd6 5. Nf3 f5 6. Qc2 Nf6 7. h3 O-O 8. g4 Ne4
9. Be2 Bd7 10. gxf5 Nxc3 11. bxc3 Rxf5 12. e4 dxe4 13. Qxe4 Qf6 14. Rg1 Na6 15.
Bg5 Qf7 16. Bh6 g6 17. c5 Bc7 18. Nh4 Re8 19. Nxf5 exf5 20. Qf3 Be6 21. O-O-O
Ba5 22. Rge1 Nc7 23. Bd2 Rd8 24. c4 Bxd2+ 25. Rxd2 Bxc4 26. Bxc4 Qxc4+ 27. Kb1
Rxd4 28. Rxd4 Qxd4 29. Qe3 Qxe3 30. Rxe3 Na6 31. Rc3 Kf7 32. Kb2 g5 33. Kb3 Kg6
34. Kc4 b6 35. cxb6 axb6 36. Rd3 b5+ 37. Kc3 Kh5 38. Rd6 Nc5 39. Rxc6 Ne4+ 40.
Kb4 Nxf2 41. Kxb5 f4 42. a4 Nd3 43. Rd6 Ne5 44. a5 g4 45. hxg4+ Nxg4 46. a6 f3
47. a7 f2 48. Rd1 Ne3 49. Rh1+ Kg4 50. a8=Q f1=Q+ 51. Rxf1 Nxf1 52. Qg8+ 1-0

[Event "Campeonato del Mundo sub-18 Femenino"]
[Site "Kemer TUR"]
[Date "2009.11.22"]
[Round "11.12"]
[White "Haug, Marianne Wold"]
[Black "Ziaziulkina, Nastassia"]
[Result "1/2-1/2"]
[WhiteElo "2005"]
[BlackElo "2128"]
[PlyCount "77"]
[EventDate "2009.11.11"]
[EventType "swiss"]
[EventRounds "11"]
[EventCountry "TUR"]
[Source "lmi"]
[SourceDate "2009.11.11"]

1. e4 c5 2. Nf3 d6 3. d4 cxd4 4. Nxd4 Nf6 5. Nc3 a6 6. Be2 e6 7. O-O Be7 8. a4
O-O 9. f4 Qc7 10. Be3 Nc6 11. Kh1 Re8 12. Bf3 Rb8 13. Qe1 Bd7 14. Qf2 Nxd4 15.
Bxd4 e5 16. Bb6 Qc4 17. Be2 Qc6 18. fxe5 dxe5 19. Nd5 Be6 20. Nxe7+ Rxe7 21.
Bd3 Rd7 22. Qc5 Qxc5 23. Bxc5 Rc8 24. Bf2 Ne8 25. Kg1 Nd6 26. b3 Ne8 27. b4 Nd6
28. b5 Nc4 29. Rfb1 h6 30. Rb4 Rdc7 31. bxa6 bxa6 32. Rab1 Rc6 33. Rb8 Rxb8 34.
Rxb8+ Kh7 35. Be2 Na3 36. Rb2 Nc4 37. Rb4 Na3 38. Rb2 Nc4 39. Rb4 1/2-1/2

[Event "Campeonato del Mundo sub-18 Femenino"]
[Site "Kemer TUR"]
[Date "2009.11.22"]
[Round "11.13"]
[White "Havlikova, Kristyna"]
[Black "Mnatsakanyan, Diana"]
[Result "1-0"]
[WhiteElo "2185"]
[BlackElo "1973"]
[PlyCount "28"]
[EventDate "2009.11.11"]
[EventType "swiss"]
[EventRounds "11"]
[EventCountry "TUR"]
[Source "lmi"]
[SourceDate "2009.11.11"]

1. e4 e6 2. d4 d5 3. Nc3 Nf6 4. e5 Nfd7 5. f4 c5 6. Nf3 Nc6 7. Be3 Qb6 8. Na4
Qa5+ 9. c3 f6 10. Nd2 c4 11. b4 Nxb4 12. cxb4 Bxb4 13. Qc1 Bxd2+ 14. Bxd2 Qxa4
1-0

[Event "Campeonato del Mundo sub-18 Femenino"]
[Site "Kemer TUR"]
[Date "2009.11.22"]
[Round "11.14"]
[White "Repina, Varvara"]
[Black "Labedz, Patrycja"]
[Result "1-0"]
[WhiteElo "2258"]
[BlackElo "2115"]
[PlyCount "51"]
[EventDate "2009.11.11"]
[EventType "swiss"]
[EventRounds "11"]
[EventCountry "TUR"]
[Source "lmi"]
[SourceDate "2009.11.11"]

1. d4 d5 2. c4 c6 3. Nf3 Nf6 4. Nc3 dxc4 5. a4 Bf5 6. Ne5 e6 7. g3 Bb4 8. Bg5
h6 9. Bxf6 Qxf6 10. Bg2 O-O 11. O-O Rd8 12. a5 Nd7 13. Nxc4 e5 14. d5 Bxc3 15.
bxc3 cxd5 16. Bxd5 Nc5 17. Ne3 Be4 18. c4 Rac8 19. Ra2 Qg6 20. Qa1 Bf5 21. Nxf5
Qxf5 22. Qb1 e4 23. Rc2 Qg6 24. Qb4 b6 25. axb6 axb6 26. Ra1 1-0

[Event "Campeonato del Mundo sub-18 Femenino"]
[Site "Kemer TUR"]
[Date "2009.11.22"]
[Round "11.15"]
[White "Hattingh, Angelique"]
[Black "Ni, Viktorija"]
[Result "0-1"]
[WhiteElo "1790"]
[BlackElo "2181"]
[PlyCount "79"]
[EventDate "2009.11.11"]
[EventType "swiss"]
[EventRounds "11"]
[EventCountry "TUR"]
[Source "lmi"]
[SourceDate "2009.11.11"]

1. e4 c5 2. Nf3 e6 3. d4 cxd4 4. Nxd4 a6 5. Bd3 Bc5 6. Nb3 Ba7 7. Qg4 Nf6 8.
Qg3 d6 9. Nc3 Nc6 10. O-O O-O 11. Bg5 Ne5 12. Rad1 b5 13. a3 Kh8 14. Be2 Bb7
15. Kh1 h6 16. Bf4 Qc7 17. Nd2 Bd4 18. Rfe1 Rac8 19. Ndb1 Bxc3 20. Nxc3 Bxe4
21. Rxd6 Ng6 22. Bd1 Nxf4 23. Qxf4 e5 24. Qd2 Rcd8 25. Rxd8 Rxd8 26. Qe2 Bb7
27. h3 e4 28. Qe3 Nd5 29. Nxd5 Bxd5 30. c3 f5 31. f3 f4 32. Qc1 e3 33. Be2 Bc4
34. Kg1 Rd2 35. Bxc4 Qxc4 36. g3 Qd5 37. gxf4 Qxf3 38. Qxd2 exd2 39. Re8+ Kh7
40. Rd8 0-1

[Event "Campeonato del Mundo sub-18 Femenino"]
[Site "Kemer TUR"]
[Date "2009.11.22"]
[Round "11.16"]
[White "Uuganbayar, Lkhamsuren"]
[Black "Bakhtiyarly, Aysel Anvar Qizi"]
[Result "0-1"]
[WhiteElo "2136"]
[BlackElo "2042"]
[PlyCount "64"]
[EventDate "2009.11.11"]
[EventType "swiss"]
[EventRounds "11"]
[EventCountry "TUR"]
[Source "lmi"]
[SourceDate "2009.11.11"]

1. e4 c5 2. Nf3 d6 3. d4 cxd4 4. Nxd4 Nf6 5. Nc3 a6 6. Be3 e6 7. Bd3 Be7 8. O-O
Qc7 9. Kh1 b5 10. f4 Bb7 11. Qf3 O-O 12. Rae1 Nbd7 13. a3 Nc5 14. Bg1 Rab8 15.
Qg3 Ba8 16. e5 dxe5 17. fxe5 Nfd7 18. Bxh7+ Kxh7 19. b4 Na4 20. Nxa4 bxa4 21.
Qh3+ Kg8 22. Nxe6 Bxg2+ 23. Qxg2 fxe6 24. Rxf8+ Rxf8 25. Bd4 Qc4 26. Rg1 Rf7
27. c3 Nb8 28. Qa8 Rf8 29. Qg2 Qc6 30. Rd1 Rd8 31. Qxc6 Nxc6 32. Kg2 Nxd4 0-1